1880 1362 1458 1511 1810 1414 1046 1428 1210 1101 1144 1162 1446 1336 1390 1728 1373 1078 1699 1027 1294 1651 1161 1854 1866 1870 1178 1768 1227 1426 1132 1889 1243 1336 1557 1451 1804 1192 1180 1336 1000 1056 1238 1803 1927 1084 1382 1564 1941 1568 1262 1348 1121 1031 1586 1348 1574 1765 1227 1277 1796 1213 1335 1804 1676 1772 1392 1005 1660 1816 1404 1832 1568 1790 1164 1950 1429 1138 1940 1038 1315 1554 1930 1219 1596 1835 1198 1977 1264 1561 1834 1388 1674 1025 1470 1228 1874 1491 1342 BCNSPRNW ULIB Ver.6.0+V

เปลี่ยนเป็นภาษาไทย

Change to English
 แสดงรายละเอียดบรรณานุกรม
  กลับหน้าหลัก

Brief Record : Get Marc (ISO 2709) : E-mail record : QR code < ปิดหน้าต่าง
LEADER : 00000nam 2200000uu 4500
001    13399124306
003     ULIB
008    150302s2557||||th 000 0 tha d
020    ^a9786162234583
060    ^aWY49^bศ463ค
100    ^aศิริพร มงคลถาวรชัย
245    ^aคู่มือการพัฒนาระบบการพยาบาลเฉพาะทางและการปฏิบัติการพยาบาลขั้นสูง/^cศิริพร มงคลถาวรชัย
250    ^aพิมพ์ครั้งที่ 2
260    ^aขอนแก่น :^bคณะแพทยศาสตร์ มหาวิทยาลัยขอนแก่น,^c2557
300    ^a270 หน้า;^b21 ซม.
650    ^aพัฒนาระบบ^xการพยาบาลเฉพาะทาง
650    ^aการพยาบาลเฉพาะทาง^xคู่มือ
710    ^aมหาวิทยาลัยขอนแก่น.^bคณะแพทยศาสตร์.
945    ^p230^l0^i22926
945    ^p230^l0^i22927
945    ^p230^l0^i22928
945    ^p230^l0^i23226
945    ^p230^l0^i23227
945    ^p230^l0^i23228
945    ^p230^l0^i23229
945    ^p230^l0^i23230
999    ^aทศพร เกษรทอง
รายการนี้ยังไม่มีแท็ก
คุณยังไม่ได้ล็อกอิน คุณสามารถมีกิจกรรมร่วมกับเว็บไซต์ได้ แต่ต้องล็อกอินก่อน ::
  ล็อกอิน

รายการสื่อสารสนเทศ

ลำดับที่ ประเภท เลขเรียก/บาร์โค้ด สถานที่ สถานะ
1. Book การพยาบาล
Book การพยาบาล
สถานะ=หนังสือเก่า
WY49 ศ463ค ฉ.1 
  Barcode: 22926
ห้องสมุดวิทยาเขตนครสวรรค์
►ส่วนจัดเก็บหนังสือเก่า นว.
บนชั้น
  ขอยืม
2. Book การพยาบาล
Book การพยาบาล
สถานะ=หนังสือเก่า
WY49 ศ463ค ฉ.2 
  Barcode: 22927
ห้องสมุดวิทยาเขตนครสวรรค์
►ส่วนจัดเก็บหนังสือเก่า นว.
บนชั้น
  ขอยืม
3. Book การพยาบาล
Book การพยาบาล
สถานะ=หนังสือเก่า
WY49 ศ463ค ฉ.3 
  Barcode: 22928
ห้องสมุดวิทยาเขตนครสวรรค์
►ส่วนจัดเก็บหนังสือเก่า นว.
บนชั้น
  ขอยืม
4. Book การพยาบาล
Book การพยาบาล
สถานะ=หนังสือเก่า
WY49 ศ463ค ฉ.4 
  Barcode: 23226
ห้องสมุดวิทยาเขตนครสวรรค์
►ส่วนจัดเก็บหนังสือเก่า นว.
บนชั้น
  ขอยืม
5. Book การพยาบาล
Book การพยาบาล
สถานะ=หนังสือเก่า
WY49 ศ463ค ฉ.5 
  Barcode: 23227
ห้องสมุดวิทยาเขตนครสวรรค์
►ส่วนจัดเก็บหนังสือเก่า นว.
บนชั้น
  ขอยืม
6. Book การพยาบาล
Book การพยาบาล
สถานะ=หนังสือเก่า
WY49 ศ463ค ฉ.6 
  Barcode: 23228
ห้องสมุดวิทยาเขตนครสวรรค์
►ส่วนจัดเก็บหนังสือเก่า นว.
บนชั้น
  ขอยืม
7. Book การพยาบาล
Book การพยาบาล
สถานะ=หนังสือเก่า
WY49 ศ463ค ฉ.7 
  Barcode: 23229
ห้องสมุดวิทยาเขตนครสวรรค์
►ส่วนจัดเก็บหนังสือเก่า นว.
บนชั้น
  ขอยืม
8. Book การพยาบาล
Book การพยาบาล
สถานะ=หนังสือเก่า
WY49 ศ463ค ฉ.8 
  Barcode: 23230
ห้องสมุดวิทยาเขตนครสวรรค์
►ส่วนจัดเก็บหนังสือเก่า นว.
บนชั้น
  ขอยืม

รายการใกล้เคียง
    ผู้แต่ง [ศิริพร มงคลถาวรชัย]

BibComment


ยังไม่เคยถูกคอมเมนท์

คอมเมนท์ทรัพยากรรายการนี้
  คอมเมนท์: คู่มือการพัฒนาระ..


 Copyright 2026. Bcnsprnw @Library